Nič nevyjde nazmar Na návšteve za službami v Trenčianskom okrese, kde dokázali, že sa naozaj oplatí hýbať rozumom

Bibliographic Details
Main Author: Žemlová, Zuzana (Author)
Format: Article
Language:Slovak
PhysicalDescription:Obr. 3.
Subjects:

MARC

LEADER 00000nab a2200000 a 4500
001 vtls000172398
003 SK-MaSNL
005 20260302202813.0
008 111104c1983 xo 0 slo
015 |a SNBRB19rr/mm-uuuuu 
035 |a CL0182510 
040 |a SNKBUCL  |b slo  |c SNKBUCL  |e AACR2 
041 0 |a slo 
044 |a xo  |c SK 
080 |a 338.46(437.6)  |2 1981 
100 1 |a Žemlová, Zuzana  |4 aut  |9 921709 
245 1 0 |a Nič nevyjde nazmar  |b Na návšteve za službami v Trenčianskom okrese, kde dokázali, že sa naozaj oplatí hýbať rozumom  |c Z. Žemlová 
300 |b Obr. 3. 
650 0 7 |a služby obyvateľstvu  |2 snkbucl  |9 273415 
651 7 |a 5210  |2 snkbucl  |9 276500 
655 7 |a články z novín a časopisov  |2 snkbucl  |9 267496 
773 0 |t Ľud  |g Roč. 36, č. 290 (8. 12. 1983), s. 4 
850 |a Slovenská národná knižnica v Martine  |a MTA001 
852 |a SNK  |b KIS3GCP 
958 |a RK 
992 |a RBX 
999 |c 1466513  |d 1468443